Music Quiz

Random Music or Clickable Quiz

Mental Health Songs II Quiz Stats

 Plays Quiz not verified by Sporcle

Support Sporcle.
Go Orange.
Score 0/50 Timer 06:00
0 Plays Today
% Correct
Queen
88.8%
Amy Winehouse
80.3%
Radiohead
66.4%
Eminem featuring Rihanna
66.4%
The Rolling Stones
66.4%
Blue Öyster Cult
63.8%
Pink Floyd
63.2%
Green Day
61.2%
Gnarls Barkley
60.5%
Beck
55.3%
The Beatles
53.3%
Linkin Park
51.3%
Sarah McLachlan
48.7%
James Taylor
48%
David Bowie
46.1%
Eurythmics
44.7%
Elton John
44.7%
Billy Joel
42.1%
Cypress Hill
40.8%
The Offspring
40.8%
Nine Inch Nails
34.9%
Third Eye Blind
34.2%
New Order
34.2%
Counting Crows
32.9%
Cheap Trick
32.2%
% Correct
The Smiths
32.2%
Shawn Colvin
32.2%
The Verve Pipe
31.6%
Harvey Danger
30.9%
The Zombies
30.9%
Grateful Dead
30.9%
Hank Williams
29.6%
Soundgarden
29.6%
Metallica
29.6%
Animals
28.9%
Filter
25.7%
Laura Branigan
23.7%
Lynn Anderson
23.7%
Bad Finger
23%
Slipknot
22.4%
Argent
21.7%
Rick Springfield
21.1%
Ozzy Osbourne
19.7%
Bronski Beat
18.4%
Geto Boys
16.4%
The Charlie Daniels Band
15.1%
Mary Lambert
13.2%
Cat Stevens
11.2%
Richard Thompson
9.2%
Mary J. Blige
5.3%

You're not logged in!

Compare scores with friends on all Sporcle quizzes.
OR
Log In

From the Vault

Charles Dickens Tweets?

by rockgolf

Charles Dickens was obviously known for his brevity. Wait, what does brevity mean again?
Remove Ads.
Support Sporcle.
Get the best of Sporcle when you Go Orange. This ad-free experience offers more features, more stats, and more fun while also helping to support Sporcle. Thank you for becoming a member.

Show Comments

Extras

Top Quizzes Today


Score Distribution

Your Account Isn't Verified!

In order to create a playlist on Sporcle, you need to verify the email address you used during registration. Go to your Sporcle Settings to finish the process.

Report this User

Report this user for behavior that violates our Community Guidelines.

Details: